El partido Demócrata Cristiano Chileno
Gespeichert in:
| 1. Verfasser: | |
|---|---|
| Format: | Buch |
| Sprache: | Spanisch |
| Veröffentlicht: |
Buenos Aires, Argentina:
Francisco de Aguirre,
1968
|
| Ausgabe: | 1a. ed |
| Schriftenreihe: | Biblioteca Francisco de Aguirre, 8
Colección Ciencias Políticas y Sociales |
| Schlagworte: | |
| Tags: |
Tag hinzufügen
Keine Tags, Fügen Sie den ersten Tag hinzu!
|
MARC
| LEADER | 00000cam a2200000 a 4500 | ||
|---|---|---|---|
| 001 | UCW8749 | ||
| 003 | CL-VaPUC | ||
| 005 | 20220407083836.0 | ||
| 008 | 881026e19680000AG |||||||||||||||||spa|d | ||
| 999 | |c 221031 |d 221029 | ||
| 040 | |c Pontificia Universidad Católica de Valparaíso | ||
| 082 | 0 | 4 | |a 324.283 GRA 1968 |2 21 |
| 100 | 0 | |a Grayson, George W |e autor |9 314011 | |
| 245 | 1 | 3 | |a El partido Demócrata Cristiano Chileno |
| 250 | |a 1a. ed | ||
| 260 | |a Buenos Aires, Argentina: |b Francisco de Aguirre, |c 1968 | ||
| 300 | |a 517 páginas | ||
| 490 | 0 | |a Biblioteca Francisco de Aguirre, 8 | |
| 490 | 0 | |a Colección Ciencias Políticas y Sociales | |
| 500 | |a C.5 Donación Profesor Eduardo Araya L. Memo HIS/011 | ||
| 583 | |a last modification |c 20160601 10:03:50 |k Rodrigo Vera | ||
| 610 | |2 Partido Demócrata Cristiano |z Chile |9 867746 | ||
| 650 | 0 | |a Partidos políticos |9 254999 |z Chile | |
| 942 | |c BK |2 ddc | ||
| 945 | |d 19881026 00:00:00 | ||
| 952 | |0 0 |1 0 |4 0 |6 324_283000000000000_GRA_1968 |7 0 |8 A |9 213937 |a BIBHIS |b BIBHIS |d 2019-11-15 |i 2822873 |o 324.283 GRA 1968 |p 2822873 |r 2025-01-20 |w 2019-11-15 |y BK |k HIS | ||
| 952 | |0 0 |1 0 |4 0 |6 324_283000000000000_GRA_1968 |7 0 |8 A |9 213938 |a BIBENE |b BIBENE |d 2019-11-15 |i 2822881 |o 324.283 GRA 1968 |p 2822881 |r 2025-01-15 |w 2019-11-15 |y BK |k ICO | ||
| 952 | |0 0 |1 0 |4 0 |6 324_283000000000000_GRA_1968 |7 0 |8 A |9 213939 |a BIBHIS |b BIBHIS |d 2019-11-15 |i 1348280 |o 324.283 GRA 1968 |p 1348280 |r 2025-01-20 |w 2019-11-15 |y BK |k HIS | ||
| 952 | |0 0 |1 0 |3 erb |4 0 |6 324_283000000000000_GRA_1968 |7 0 |8 A |9 213940 |a FDOHBE |b FDOHBE |e Huesbe Llanos, Marco Antonio, 1934- |i 5332761 |o 324.283 GRA 1968 |p 5332761 |r 2024-01-30 |w 2019-11-15 |y BK |z Catalogado en:20160603 |k HBE | ||
| 952 | |0 0 |1 0 |2 ddc |4 0 |6 324_283000000000000_GRA_1968 |7 0 |8 A |9 582167 |a BIBHIS |b BIBHIS |c GEN |d 2022-03-28 |e Donación |i 5650380 |l 2 |o 324.283 GRA 1968 |p 5650380 |r 2025-01-20 |s 2023-03-29 |t 5 |w 2022-03-28 |y BK |k HIS | ||